[Event "SUI-chT"]
[Site "Switzerland"]
[Date "2021.12.12"]
[Round "9.8"]
[White "Grillon, Cedric"]
[Black "Huss, Andreas"]
[Result "1-0"]
[WhiteElo "1958"]
[BlackElo "2249"]
[PlyCount "95"]
[EventDate "2021.08.29"]
[EventType "team-tourn"]
[EventRounds "9"]
[EventCountry "SUI"]
[SourceTitle "EXT 2023"]
[Source "ChessBase"]
[SourceDate "2022.10.05"]
[SourceVersion "1"]
[SourceVersionDate "2022.10.05"]
[SourceQuality "1"]
[WhiteTeam "Echallens"]
[BlackTeam "Winterthur"]
[WhiteTeamCountry "SUI"]
[BlackTeamCountry "SUI"]

1. d4 e6 2. c4 Nf6 3. Nc3 Bb4 4. f3 c5 5. d5 Bxc3+ 6. bxc3 e5 7. Bg5 d6 8. e4 h6 9. Bh4 Nbd7 10. Bd3 g5 11. Bf2 Nh5 12. g3 Ndf6 13. Be2 Ng7 14. Qc2 Qe7 15. h3 Nfh5 16. Rb1 0-0 17. h4 f5 18. hxg5 Qxg5 19. Nh3 Qf6 20. g4 fxg4 21. fxg4 Nf4 22. Nxf4 Qxf4 23. Rf1 Qh2 24. Qd3 b6 25. Bg3 Rxf1+ 26. Bxf1 Qxa2 27. Be2 Ba6 28. Rd1 Rf8 29. Bh4 Rf7 30. g5 hxg5 31. Bxg5 Qa4 32. Bh4 Qd7 33. Ra1 Bc8 34. Kd2 Qh3 35. Qxh3 Bxh3 36. Ke3 Bg2 37. Rg1 Bxe4 38. Bh5 Rf4 39. Bg5 Nf5+ 40. Ke2 Kf8 41. Bxf4 exf4 42. Bg6 a5 43. Rg5 Kg7 44. Bxf5+ Kf6 45. Bxe4 Kxg5 46. Kf3 a4 47. Bc2 a3 48. Bb1 1-0

[Event "SUI-ch U14"]
[Site "Belp"]
[Date "2010.07.02"]
[Round "2"]
[White "Grillon, Cedric"]
[Black "Duruz, Noe"]
[Result "1/2-1/2"]
[WhiteElo "1678"]
[BlackElo "1554"]
[PlyCount "122"]
[EventDate "2010.06.29"]
[EventType "swiss"]
[EventRounds "7"]
[EventCountry "SUI"]
[SourceTitle "EXT 2012"]
[Source "ChessBase"]
[SourceDate "2011.11.24"]
[SourceVersion "1"]
[SourceVersionDate "2011.11.24"]
[SourceQuality "1"]

1. d4 d5 2. c4 c6 3. Nc3 e6 4. cxd5 exd5 5. Qc2 Nf6 6. Bg5 Be7 7. e3 Na6 8. a3 Nc7 9. Bd3 Ne6 10. Bh4 g6 11. f3 0-0 12. Nge2 Re8 13. 0-0 Ng7 14. e4 dxe4 15. fxe4 Ng4 16. Bxe7 Qxe7 17. Bc4 Be6 18. Bxe6 Nxe6 19. Rf3 Qd6 20. e5 Nxd4 21. exd6 Nxc2 22. Rc1 Nce3 23. d7 Re6 24. h3 Nh6 25. Nf4 Re7 26. Ncd5 Nxd5 27. Nxd5 Re5 28. Nf6+ Kg7 29. Ne8+ Kh8 30. Rd3 Rd8 31. Nd6 Rxd7 32. Nc4 Rxd3 33. Nxe5 Rb3 34. Rc2 Kg7 35. Nd7 Nf5 36. Nc5 Rb5 37. b4 Nd4 38. Rb2 a5 39. Rd2 axb4 40. Rxd4 Rxc5 41. Rxb4 Rb5 42. Rf4 Rb3 43. a4 b5 44. axb5 cxb5 45. Kf2 g5 46. Rg4 Kf6 47. h4 h5 48. Rxg5 b4 49. Rxh5 Rb2+ 50. Kg3 b3 51. Rb5 Rb1 52. Kg4 Kg7 53. Rb7 b2 54. g3 Kh6 55. Rb6+ Kg7 56. h5 f6 57. Rb7+ Kh6 58. Rb6 Rf1 59. Rxb2 f5+ 60. Kh3 Kxh5 61. Rb5 Kg6 1/2-1/2